000 00356nam a2200133Ia 4500
008 231221s9999 xx 000 0 und d
020 _a978-0-387-23152-5
041 _aEnglish
100 _aZhongzhi Shi, Qing He
245 0 _aIntelligent Information Processing II
260 _c2005
_bSpringer US
_aNew York
650 _aComputer Science
942 _cEB
999 _c217982
_d217982